Rethinking development : (Record no. 7457)
[ view plain ]
| 000 -LEADER | |
|---|---|
| fixed length control field | 02161cam a2200481 i 4500 |
| 001 - CONTROL NUMBER | |
| control field | 19892763 |
| 003 - CONTROL NUMBER IDENTIFIER | |
| control field | GBCCL |
| 005 - DATE AND TIME OF LATEST TRANSACTION | |
| control field | 20241126110628.0 |
| 008 - FIXED-LENGTH DATA ELEMENTS--GENERAL INFORMATION | |
| fixed length control field | 160915r20172016ii b 100 0 eng d |
| 010 ## - | |
| -- | 2017325773 |
| 020 ## - INTERNATIONAL STANDARD BOOK NUMBER | |
| International Standard Book Number | 9788184655377 (paperback) |
| 020 ## - INTERNATIONAL STANDARD BOOK NUMBER | |
| International Standard Book Number | 8184655371 |
| 025 ## - OVERSEAS ACQUISITION NUMBER | |
| Overseas acquisition number | I-E-2017325773 ; 13-90 ; 69-90 |
| 035 ## - SYSTEM CONTROL NUMBER | |
| System control number | (OCoLC)ocn976004322 |
| 035 ## - SYSTEM CONTROL NUMBER | |
| System control number | (OCoLC)976004322 |
| 037 ## - SOURCE OF ACQUISITION | |
| Source of stock number/acquisition | Library of Congress -- New Delhi Overseas Office |
| 040 ## - CATALOGING SOURCE | |
| Original cataloging agency | DKAGE |
| Language of cataloging | eng |
| Description conventions | rda |
| Transcribing agency | DKAGE |
| Modifying agency | OCLCO |
| -- | OCLCF |
| -- | OCLCA |
| -- | DLC |
| 042 ## - | |
| -- | lccopycat |
| -- | lcode |
| 043 ## - | |
| -- | a-ii--- |
| 050 00 - | |
| -- | BV3265.3 |
| -- | .R484 2014 |
| 082 04 - DEWEY DECIMAL CLASSIFICATION NUMBER | |
| Classification number | 266.00954 |
| Edition information | 23 |
| Item number | RET |
| 111 2# - | |
| -- | Re-thinking Development: A Theological Consultation on Mission and Development (Seminar) |
| -- | (2014 : |
| -- | Farīdābād, India), |
| -- | author. |
| -- | 13181 |
| 245 10 - TITLE STATEMENT | |
| Title | Rethinking development : |
| Remainder of title | challenges for mission / |
| Statement of responsibility, etc. | edited by Abraham Mathew, Sajeev Thomas. |
| 264 #1 - PRODUCTION, PUBLICATION, DISTRIBUTION, MANUFACTURE, AND COPYRIGHT NOTICE | |
| Place of production, publication, distribution, manufacture | Delhi : |
| Name of producer, publisher, distributor, manufacturer | The Indian Society for Promoting Christian Knowledge ; |
| Place of production, publication, distribution, manufacture | Faridabad, Haryana : |
| Name of producer, publisher, distributor, manufacturer | Dharma Jyoti Vidya Peeth, |
| Date of production, publication, distribution, manufacture, or copyright notice | 2017. |
| 264 #4 - PRODUCTION, PUBLICATION, DISTRIBUTION, MANUFACTURE, AND COPYRIGHT NOTICE | |
| Date of production, publication, distribution, manufacture, or copyright notice | ©2016 |
| 300 ## - PHYSICAL DESCRIPTION | |
| Extent | xxii, 215 pages ; |
| Dimensions | 24 cm |
| 336 ## - CONTENT TYPE | |
| Content type term | text |
| Content type code | txt |
| Source | rdacontent |
| 337 ## - MEDIA TYPE | |
| Media type term | unmediated |
| Media type code | n |
| Source | rdamedia |
| 338 ## - CARRIER TYPE | |
| Carrier type term | volume |
| Carrier type code | nc |
| Source | rdacarrier |
| 500 ## - GENERAL NOTE | |
| General note | Reprint. Originally published: 2016. |
| 500 ## - GENERAL NOTE | |
| General note | Papers presented at a national seminar on "Re-thinking Development: A Theological Consultation on Mission and Development" from 14-15 March 2014 at Farīdābād, India, organised by Dharma Jyoti Vidya Peeth. |
| 504 ## - BIBLIOGRAPHY, ETC. NOTE | |
| Bibliography, etc. note | Includes bibliographical references. |
| 650 #0 - SUBJECT ADDED ENTRY--TOPICAL TERM | |
| Topical term or geographic name entry element | Missions |
| Geographic subdivision | India |
| Form subdivision | Congresses. |
| 9 (RLIN) | 2227 |
| 650 #0 - SUBJECT ADDED ENTRY--TOPICAL TERM | |
| Topical term or geographic name entry element | Church and social problems |
| Geographic subdivision | India |
| Form subdivision | Congresses. |
| 9 (RLIN) | 2139 |
| 650 #0 - SUBJECT ADDED ENTRY--TOPICAL TERM | |
| Topical term or geographic name entry element | Community development |
| General subdivision | Religious aspects |
| -- | Christianity |
| Form subdivision | Congresses. |
| 9 (RLIN) | 13182 |
| 700 1# - ADDED ENTRY--PERSONAL NAME | |
| Personal name | Mathew, Abraham |
| Titles and other words associated with a name | (Ordained minister), |
| Relator term | editor. |
| 9 (RLIN) | 13183 |
| 700 1# - ADDED ENTRY--PERSONAL NAME | |
| Personal name | Thomas, Sajeev, |
| Relator term | editor. |
| 9 (RLIN) | 13184 |
| 710 2# - ADDED ENTRY--CORPORATE NAME | |
| Corporate name or jurisdiction name as entry element | I.S.P.C.K. (Organization), |
| Relator term | publisher. |
| 9 (RLIN) | 393 |
| 710 2# - ADDED ENTRY--CORPORATE NAME | |
| Corporate name or jurisdiction name as entry element | Dharma Jyoti Vidya Peeth (College), |
| Relator term | organizer, |
| -- | publisher. |
| 9 (RLIN) | 13185 |
| 906 ## - LOCAL DATA ELEMENT F, LDF (RLIN) | |
| a | 7 |
| b | cbc |
| c | copycat |
| d | 3 |
| e | ncip |
| f | 20 |
| g | y-gencatlg |
| 942 ## - ADDED ENTRY ELEMENTS (KOHA) | |
| Source of classification or shelving scheme | Dewey Decimal Classification |
| Koha item type | Books |
| Koha issues (borrowed), all copies | 4 |
| Withdrawn status | Lost status | Source of classification or shelving scheme | Damaged status | Not for loan | Home library | Current Library | Shelving location | Date acquired | Source of acquisition | Cost, normal purchase price | Total checkouts | Full call number | Barcode | Date last seen | Date last checked out | Copy number | Cost, replacement price | Price effective from | Koha item type |
|---|---|---|---|---|---|---|---|---|---|---|---|---|---|---|---|---|---|---|---|
| Dewey Decimal Classification | GRACE BIBLE COLLEGE | GRACE BIBLE COLLEGE | Ministry & Mission | 2018-09-24 | 10 | 225.00 | 4 | 266.00954 RET | 014802 | 2025-08-25 | 2025-08-21 | c.1 | 300.00 | 2018-09-24 | Books | ||||
| Dewey Decimal Classification | GRACE BIBLE COLLEGE | GRACE BIBLE COLLEGE | Ministry & Mission | 2018-09-24 | 10 | 225.00 | 2 | 266.00954 RET | 014803 | 2025-05-01 | 2023-03-08 | c.2 | 300.00 | 2018-09-24 | Books |